| 000 | 01293nac a22004697a 4500 | ||
|---|---|---|---|
| 001 | BR0400318 | ||
| 003 | BR-BrBNA | ||
| 005 | 20240105122926.0 | ||
| 008 | 230509b bl.|||m| |||| 00| 0 por d | ||
| 040 |
_aBR-BrBNA _bpor _cBiblioteca Nacional de Agricultura |
||
| 072 | _aL02; Q52 | ||
| 090 | _a5250 BR0400318 | ||
| 100 | 1 | _aVasconcelos, V.R. | |
| 100 | 1 | _aLeite, E.R. | |
| 100 | 1 | _aRogério, M.C.P. | |
| 100 | 1 | _aPimentel, J.C.M. | |
| 100 | 1 | _aNeiva, J.N.M. | |
| 110 | 1 | _aEMBRAPA Caprinos, Sobral, CE (Brasil) | |
| 245 | 1 | _aUtilização de subprodutos da indústria frutífera na alimentação de caprinos e ovinos | |
| 260 | 3 |
_aSobral, CE (Brasil): _c2002. |
|
| 300 | _a36 p. | ||
| 490 |
_aDocumentos - EMBRAPA Caprinos (Brazil) _vno. 42 _xISSN 1676-7659 |
||
| 500 | _a8 tables; 39 ref. | ||
| 650 | _aCAPRINO | ||
| 650 | _aOVINO | ||
| 650 | _aNUTRIÇÃO ANIMAL | ||
| 650 | _aABACAXI | ||
| 650 | _aACEROLA | ||
| 650 | _aGOIABA | ||
| 650 | _aMANGA | ||
| 650 | _aCAJU | ||
| 650 | _aLARANJA | ||
| 650 | _aMARACUJÁ | ||
| 650 | _aMELÃO | ||
| 650 | _aSUBPRODUTO | ||
| 650 | _aRESÍDUO | ||
| 650 | _aINDÚSTRIA AGRÍCOLA | ||
| 650 | _aFRUTICULTURA | ||
| 650 | _aNORDESTE | ||
| 909 |
_a202312 _bLúcia Elande _c55 _dLúcia Elande |
||
| 942 |
_2AGRIS _n0 _cMS |
||
| 999 |
_c293337 _d293337 |
||